| 000 | 00804cab a2200241 4500 | ||
|---|---|---|---|
| 001 | ABS37749 | ||
| 008 | 090401t1987 xxu||||| |||| 00| 0 eng d | ||
| 035 | _a(Sirsi) u6573 | ||
| 041 | _aeng | ||
| 100 | _aBurns, A. | ||
| 245 | _aLiquidated and ascertained damages; common pitfalls for the QS | ||
| 260 | _c1987 | ||
| 350 | _a0 | ||
| 490 |
_aChartered Quantity Surveyor _v9(10) May 1987, 19(1) |
||
| 520 | _aLooks at problems arising from provisions for liquidated and ascertained damages in building contracts , and suggests that the quantity surveyor refer clients to a lawyer before entering into a contract. | ||
| 650 | _aCLAIMS | ||
| 650 | _aDELAY | ||
| 650 | _aJCT 1980 CL24 | ||
| 650 | _aLIQUIDATED DAMAGES | ||
| 690 |
_aQuantity surveying _96263 |
||
| 942 | _n0 | ||
| 948 | _c04/03/1997 | ||
| 999 |
_c3930 _d3930 |
||